header

Sketching user experiences (Record no. 121533)

MARC details
000 -LEADER
fixed length control field 01271nam a2200313Ia 4500
100 1# - MAIN ENTRY--AUTHOR NAME
Personal name Buxton, William.
245 10 - TITLE STATEMENT
Title Sketching user experiences
260 ## - PUBLICATION, DISTRIBUTION, ETC. (IMPRINT)
Place of publication Amsterdam ;
-- Boston :
Name of publisher Elsevier/Morgan Kaufmann,
Year of publication c2007.
300 ## - PHYSICAL DESCRIPTION
Number of Pages 443 p. :
Other physical details ill. (chiefly col.)
650 #0 - SUBJECT ADDED ENTRY--TOPICAL TERM
Topical Term Industrial design.
Topical Term Product management.
856 40 - ELECTRONIC LOCATION AND ACCESS
Uniform Resource Identifier http://site.ebrary.com/lib/rucke/Doc?id=10206489

No items available.

© 2026 Rongo University
Contact us: librarian | system librarian | Rongo university